Podpora bývania pre mladých zo strany bánk a štátu diplomová práca

Na minha lista:
Detalhes bibliográficos
Autor principal: Fialová, Anita
Autor Corporativo: Národohospodárska fakulta EU. Katedra bankovníctva a medzinárodných financií
Outros Autores: Tkáčová, Daniela, 1954-
Formato: Livro
Idioma:eslovaco
Publicado em: Bratislava 2015
Tags: Adicionar Tag
Sem tags, seja o primeiro a adicionar uma tag!

MARC

LEADER 00000nbm a2200000 4500
001 0202410
005 20161212095052.8
041 0 |a slo 
044 |a SK 
245 1 0 |a Podpora bývania pre mladých zo strany bánk a štátu  |b diplomová práca  |c Anita Fialová ; školiteľ: Daniela Tkáčová 
264 1 |a Bratislava  |c 2015 
300 |a 65 s. 
100 1 |a Fialová, Anita 
700 1 |a Tkáčová, Daniela, 1954- 
710 2 |a Národohospodárska fakulta EU. Katedra bankovníctva a medzinárodných financií